Business services orchestration : The hypertier of information technology
This book introduces a new industry technology, Business Service Orchestration (BSO). Section I provides detailed overview of business services and their orchestration and describes an in-depth architecture necessary to provide a web of business services, and orchestration of their interactions, inc...
Na minha lista:
| Autor principal: | |
|---|---|
| Formato: | Livro |
| Idioma: | Undetermined |
| Publicado em: |
Cambridge
Cambridge University Press
2003
|
| Assuntos: | |
| Tags: |
Adicionar Tag
Sem tags, seja o primeiro a adicionar uma tag!
|
| Thư viện lưu trữ: | Trung tâm Học liệu Trường Đại học Cần Thơ |
|---|
| LEADER | 01370nam a2200229Ia 4500 | ||
|---|---|---|---|
| 001 | CTU_167165 | ||
| 008 | 210402s9999 xx 000 0 und d | ||
| 020 | |c 72 | ||
| 082 | |a 658.4038 | ||
| 082 | |b S125 | ||
| 100 | |a Sadiq, Waqar | ||
| 245 | 0 | |a Business services orchestration : | |
| 245 | 4 | |b The hypertier of information technology | |
| 245 | 0 | |c Waqar Sadiq, Felix Racca | |
| 260 | |a Cambridge | ||
| 260 | |b Cambridge University Press | ||
| 260 | |c 2003 | ||
| 520 | |a This book introduces a new industry technology, Business Service Orchestration (BSO). Section I provides detailed overview of business services and their orchestration and describes an in-depth architecture necessary to provide a web of business services, and orchestration of their interactions, including a methodology for modeling the BSO. Section II focuses on technologies necessary to orchestrate business services, ranging from component models to programming languages to various kinds of protocols. Section III reveals a real use case and explains how to apply orchestration to a real-life business process. | ||
| 650 | |a Business information services,Thông tin dịch vụ kinh doanh,Business,Kinh doanh | ||
| 650 | |x Computer network resources,Nguồn tài nguyên mạng máy tính | ||
| 904 | |i Lan Anh, Trúc | ||
| 980 | |a Trung tâm Học liệu Trường Đại học Cần Thơ | ||